| 000 | 00672nam a22002057a 4500 | ||
|---|---|---|---|
| 005 | 20250827155155.0 | ||
| 010 | _aENG-146553 | ||
| 020 |
_a9789371361910 _c185.00 |
||
| 035 | _aEN-130085 | ||
| 037 | _bDBAD | ||
| 082 |
_a530 _21 |
||
| 100 |
_aGupta, Pankaj _984409 |
||
| 245 |
_a13 Booklet Previous Year's Solved Questions Physics/ _cPankaj Gupta |
||
| 250 | _a1 | ||
| 260 |
_aNoida _bPearson India Education _c2025 |
||
| 270 |
_a15th Floor, Towe-B, World Trade Tower, Plot No.1, Block-C, Sector-16 _bNoida _e201301 |
||
| 300 |
_avpp. _c25cm(pb) |
||
| 500 | _aJEE Main Aprils 2025 Attempt Chapter-wise and Topic-wise | ||
| 942 |
_2ddc _cEN _h530 _mGUP |
||
| 999 |
_c213192 _d213192 |
||